Inšpirácia spoza hraníc

Inšpirácia Slovenska estónskou daňovou reformou. Slovenskí analytici o daňovej reforme. Česko a daňová reforma na Slovensku.

Salvato in:
Dettagli Bibliografici
Autore principale: Ragáčová, Katarína
Natura: Capitolo di libro
Lingua:slovacco
Soggetti:
Tags: Aggiungi Tag
Nessun Tag, puoi essere il primo ad aggiungerne!!

MARC

LEADER 00000naa a2200000 4500
001 r048903
005 20230920090650.8
041 0 |a slo 
044 |a SK 
245 1 0 |a Inšpirácia spoza hraníc  |c Katarína Ragáčová 
520 |a Inšpirácia Slovenska estónskou daňovou reformou. Slovenskí analytici o daňovej reforme. Česko a daňová reforma na Slovensku. 
610 2 0 |a reformy daňové 
610 2 0 |a Slovensko 
610 2 0 |a Česko 
100 1 |a Ragáčová, Katarína